<?xml version="1.0" encoding="UTF-8"?>
<record
    xmlns:xsi="http://www.w3.org/2001/XMLSchema-instance"
    xsi:schemaLocation="http://www.loc.gov/MARC21/slim http://www.loc.gov/standards/marcxml/schema/MARC21slim.xsd"
    xmlns="http://www.loc.gov/MARC21/slim">

  <leader>02223nam a22001817a 4500</leader>
  <controlfield tag="003">IT-RoPau</controlfield>
  <controlfield tag="005">20220918175937.0</controlfield>
  <controlfield tag="008">121218b        xxu||||| |||| 00| 0 eng d</controlfield>
  <datafield tag="040" ind1=" " ind2=" ">
    <subfield code="c">IT-RoPau</subfield>
  </datafield>
  <datafield tag="100" ind1=" " ind2=" ">
    <subfield code="a">Alberione Giacomo</subfield>
    <subfield code="q">Fondatore Famiglia Paolina</subfield>
    <subfield code="9">84</subfield>
  </datafield>
  <datafield tag="245" ind1=" " ind2=" ">
    <subfield code="a">Testimonianza di don Giacomo Alberione a Maria Madre di Dio</subfield>
  </datafield>
  <datafield tag="250" ind1=" " ind2=" ">
    <subfield code="a">I</subfield>
  </datafield>
  <datafield tag="260" ind1=" " ind2=" ">
    <subfield code="a">Ariccia</subfield>
    <subfield code="b">Centro di spiritualit&#xE0; paolina</subfield>
    <subfield code="c">1973</subfield>
  </datafield>
  <datafield tag="300" ind1=" " ind2=" ">
    <subfield code="a">109 p.</subfield>
    <subfield code="c">28 cm</subfield>
  </datafield>
  <datafield tag="490" ind1=" " ind2=" ">
    <subfield code="a">PUNTI DI RIFERIMENTO DELLA NOSTRA VITA SPIRITUALE I. MARIOLOGIA</subfield>
    <subfield code="v">I</subfield>
  </datafield>
  <datafield tag="520" ind1=" " ind2=" ">
    <subfield code="a">                                     INDICE

Introduzione: - C'&#xE8; in don Alberione un messaggio mariano per noi?
Capitolo Primo: - Presenza di Maria nella vita di don Alberione
         secondo: - Cantare a Maria: nobile impegno dell' uomo
              terzo: - Maria esiste per noi
            quarto: - "Diede Gesu' Cristo al Mondo": per questo
                           Maria &#xE8; l' Apostola
            quinto: - "Regina degli Apostoli": dinamica mariana per
                          il nostro tempo
             sesto: -  Un corollario: Maria discepola e Maestra
          settimo: -  La Donna
            ottavo: -  Fisionomia della Vergine-Madre: la vita come
                          servizio
             nono: -  Fisionomia della Vergine-Madre: la vita come 
                         contemplazione. Maria l' Adoratrice
         decimo: -  Fisionomia della Vergine-Madre:consumazione
                         nella carit&#xE0;. Maria la Pastora.
Decimo primo: -  Una provvidenziale attivit&#xE0; di Maria: Madre
                         delle  vocazioni
Decimo secondo: - Un' episodio della vita di Maria: la spiritualit&#xE0;
                             dell' incontro
Decimo terzo: - Una casa per Maria: la spiritualit&#xE0; del santuario
Decimo quarto: - Maria Mediatrice universale di grazie
Decimo quinto: - Con la Chiesa, una devozione integrale a
                         Maria
Decimo sesto: -  Imitare Maria nella sua risposta di fede, 
                         speranza e carit&#xE0;
Decimo settimo: - Il Rosario: un legame semplice e continuo
                           con Maria
Decimo ottavo: - Preghiere a Maria
Conclusione: -
                             </subfield>
  </datafield>
  <datafield tag="942" ind1=" " ind2=" ">
    <subfield code="2">ddc</subfield>
    <subfield code="c">BK</subfield>
  </datafield>
  <datafield tag="999" ind1=" " ind2=" ">
    <subfield code="c">37695</subfield>
    <subfield code="d">37695</subfield>
  </datafield>
  <datafield tag="952" ind1=" " ind2=" ">
    <subfield code="0">0</subfield>
    <subfield code="1">0</subfield>
    <subfield code="2">ddc</subfield>
    <subfield code="4">0</subfield>
    <subfield code="6">P_A4</subfield>
    <subfield code="7">1</subfield>
    <subfield code="a">PAULUS</subfield>
    <subfield code="b">PAULUS</subfield>
    <subfield code="d">2012-12-18</subfield>
    <subfield code="l">0</subfield>
    <subfield code="o">P A4</subfield>
    <subfield code="r">2012-12-18 00:00:00</subfield>
    <subfield code="w">2012-12-18</subfield>
    <subfield code="y">BK</subfield>
  </datafield>
  <datafield tag="952" ind1=" " ind2=" ">
    <subfield code="0">0</subfield>
    <subfield code="1">0</subfield>
    <subfield code="2">ddc</subfield>
    <subfield code="4">0</subfield>
    <subfield code="6">P_A4</subfield>
    <subfield code="7">1</subfield>
    <subfield code="a">PAULUS</subfield>
    <subfield code="b">PAULUS</subfield>
    <subfield code="d">2013-01-19</subfield>
    <subfield code="l">0</subfield>
    <subfield code="o">P A4</subfield>
    <subfield code="r">2013-01-19 00:00:00</subfield>
    <subfield code="w">2013-01-19</subfield>
    <subfield code="y">BK</subfield>
  </datafield>
  <datafield tag="952" ind1=" " ind2=" ">
    <subfield code="0">0</subfield>
    <subfield code="1">0</subfield>
    <subfield code="2">ddc</subfield>
    <subfield code="4">0</subfield>
    <subfield code="6">P_A4</subfield>
    <subfield code="7">1</subfield>
    <subfield code="a">PAULUS</subfield>
    <subfield code="b">PAULUS</subfield>
    <subfield code="d">2013-01-19</subfield>
    <subfield code="l">0</subfield>
    <subfield code="o">P A4</subfield>
    <subfield code="r">2013-01-19 00:00:00</subfield>
    <subfield code="w">2013-01-19</subfield>
    <subfield code="y">BK</subfield>
  </datafield>
</record>
